Acting therapy et fin du théâtre : reflexions sur le trajet grotowskien (Record no. 40586)

MARC details
000 -LEADER
fixed length control field 00661 a2200277 4500
037 ## - SOURCE OF ACQUISITION
Source of stock number/acquisition 1, Achat
037 ## - SOURCE OF ACQUISITION
Stock number L 11665
020 ## - NUMERO INTERNATIONAL NORMALISE DES LIVRES
International Standard Book Number 2-85892-017-6
100 ## - VEDETTE PRINCIPALE - NOM DE PERSONNE
Personal name Guerreschi, J.
100 ## - VEDETTE PRINCIPALE - NOM DE PERSONNE
Language of a work Fr.
260 ## - PUBLICATION, DISTRIBUTION, ETC. (IMPRINT)
Place of publication, distribution, etc Paris
260 ## - PUBLICATION, DISTRIBUTION, ETC. (IMPRINT)
Name of publisher, distributor, etc Maison des Sciences de l'Homme
245 ## - TITLE STATEMENT
Title Acting therapy et fin du théâtre : reflexions sur le trajet grotowskien
260 ## - PUBLICATION, DISTRIBUTION, ETC. (IMPRINT)
Date of publication, distribution, etc 1978
300 ## - PHYSICAL DESCRIPTION
Extent 159 p.
300 ## - PHYSICAL DESCRIPTION
Other physical details 24 cm
440 ## - SERIES STATEMENT/ADDED ENTRY--TITLE
Number of part/section of a work 24
440 ## - SERIES STATEMENT/ADDED ENTRY--TITLE
Title Cert-Circe
440 ## - SERIES STATEMENT/ADDED ENTRY--TITLE
International Standard Serial Number 0398-9631
630 ## - SUBJECT ADDED ENTRY--UNIFORM TITLE
Uniform title 82 - Litterature
650 ## - SUBJECT ADDED ENTRY--TOPICAL TERM
Topical term or geographic name as entry element 8 - LITTERATURE
650 ## - SUBJECT ADDED ENTRY--TOPICAL TERM
Topical term or geographic name as entry element Metteur en scène : théâtre
650 ## - SUBJECT ADDED ENTRY--TOPICAL TERM
Topical term or geographic name as entry element Art dramatique
Holdings
Withdrawn status Lost status Damaged status Not for loan Location (home branch) Sublocation or collection (holding branch) Date acquired Koha issues (times borrowed) Koha full call number Koha date last seen Price effective from Koha item type
        Bibliothèque Universitaire Centrale Bibliothèque Universitaire Centrale 28/02/2009   82-25 GUE 28/02/2009 28/02/2009 Livre


© 2008, Bibliothèques de l'Université d'Abomey-Calavi

04 BP 789 Cotonou, Tél. : +229 21 36 01 01, Fax : +229 21 35 06 32

Courriel : bu@bu.uac.bj